书目信息 |
| 题名: |
从长安到罗马
|
|
| 作者: | ;秦晶 , 秦晶 编著 ;a中国国际电视总公司 , a中国国际电视总公司 主编 | |
| 分册: | 军事探寻 | |
| 出版信息: | 北京 海豚出版社 2021 |
|
| 页数: | 63页 | |
| 开本: | 26cm | |
| 丛书名: | ||
| 单 册: | ||
| 中图分类: | K294.11-49 | |
| 科图分类: | ||
| 主题词: | 古罗马--文化史--青少年读物 | |
| 电子资源: | ||
| ISBN: | 978-7-5110-5724-2 | |
| 000 | 01218nam0 2200313 450 | |
| 001 | 011481986 | |
| 005 | 20211111091728.0 | |
| 010 | @a978-7-5110-5724-2@dCNY35.00 | |
| 100 | @a20211111d2021 demy0chiy0120 ea | |
| 101 | 0 | @achi |
| 102 | @aCN@b110000 | |
| 105 | @aa z 000yy | |
| 106 | @ar | |
| 200 | 1 | @a从长安到罗马@9cong chang an dao luo ma@i军事探寻@f中央广播电视总台,中国国际电视总公司主编@g羡晓倩,秦晶编著 |
| 210 | @a北京@c海豚出版社@d2021 | |
| 215 | @a63页@c图,照片@d26cm | |
| 300 | @a央视同名4K微纪录片《长安到罗马》青少版 长安罗马 | |
| 304 | @a英文共同题名:Chang'an meets Rome | |
| 330 | @a本书介绍从长安到罗马的军事探寻。秦始皇陵兵马俑,展示出当时秦国的强大。就在秦军统一华夏江山时,古罗马人也在世界的另一端雄霸一方,建立了一个历史长达千年的大帝国。 | |
| 586 | @a | |
| 606 | 0 | @a古罗马@x文化史@j青少年读物 |
| 607 | @a长安(历史地名)@x文化史@j青少年读物 | |
| 690 | @aK294.11-49@v5 | |
| 702 | 0 | @a秦晶@9qin jing@4编著 |
| 702 | 0 | @a秦晶@9qin jing@4编著 |
| 711 | 02 | @aa中国国际电视总公司@9zhong guo guo ji dian shi zong gong si@4主编 |
| 711 | 02 | @aa中国国际电视总公司@9zhong guo guo ji dian shi zong gong si@4主编 |
| 801 | 0 | @aCN@c20240908 |
| 905 | @dK294@eZ711:5@f1@sK294/Z711:5@S@Z | |
| 从长安到罗马.军事探寻/中央广播电视总台,中国国际电视总公司主编/羡晓倩,秦晶编著.-北京:海豚出版社,2021 |
| 63页:图,照片;26cm |
| 央视同名4K微纪录片《长安到罗马》青少版 长安罗马 |
| ISBN 978-7-5110-5724-2:CNY35.00 |
| 本书介绍从长安到罗马的军事探寻。秦始皇陵兵马俑,展示出当时秦国的强大。就在秦军统一华夏江山时,古罗马人也在世界的另一端雄霸一方,建立了一个历史长达千年的大帝国。 |
| ● |
| 相关链接 |
|
|
|
正题名:从长安到罗马
索取号:K294/Z711:5
 
预约/预借
| 序号 | 登录号 | 条形码 | 馆藏地/架位号 | 状态 | 备注 |
| 1 | 21616896 | 216168965 | 社科库309/309社科库 38排5列5层/ [索取号:K294/Z711:5] | 在馆 |